| 000 | 00501nam a22001937a 4500 | ||
|---|---|---|---|
| 003 | MPLRDC | ||
| 005 | 20220104124532.0 | ||
| 008 | 210129b ||||| |||| 00| 0 eng d | ||
| 020 | _a7-80037-870-5 | ||
| 082 | _a859.61 SNZS v.15 | ||
| 100 | _a王效恭编 | ||
| 245 |
_a天才的音乐家. 不朽的乐章 _c |
||
| 250 | _a一版一刷 | ||
| 260 |
_a _b中国和平出版社 _c1993 |
||
| 300 | _b平 | ||
| 490 | _a少年知识大世界 | ||
| 650 | _a儿童知识 | ||
| 942 |
_cBK _o859.61 SNZS v.15 |
||
| 999 |
_c20108 _d20098 |
||